LEADER 01906nam 2200409 n 450 001 996390445303316 005 20221108075430.0 035 $a(CKB)4940000000102924 035 $a(EEBO)2248508419 035 $a(UnM)99844352 035 $a(EXLCZ)994940000000102924 100 $a19910822d1547 uy | 101 0 $aeng 135 $aurbn||||a|bb| 200 10$aIniunctions geuen by the moste excellente prince, Edward the. VI$b[electronic resource] $eby the grace of God, Kynge of Englande, Fraunce, and Ireland: defendour of the faith, [and] in earthe vnder Christe, of the Churche of Englande [and] of Irelande the supreme head: to all and singuler hys louinge subiectes, aswel of the clergie, as off the laietie 210 $a[Imprinted at London $cThe last daie of Iulii, in the first yere of our Sovereigne Lord King Edvvard the. VI. by Richard Grafton printer to His Most Royall Maiestie$d[1547] 215 $a[28] p 300 $aAn edition of: Injunccions geven by the kynges majestie. 300 $aImprint from colophon. 300 $aa2r partially reset, with 7-line init.--STC. 300 $aSignatures: a-c? d˛ . 300 $aFormerly also STC 10093. 300 $aIdentified as STC 10093 on UMI microfilm reel 11. 300 $aReproductions of the originals in the British Library and the Cambridge University Library. 300 $aAppears at reel 11, positions 2 (British Library copy) and 14 (Cambridge University Library copy). 330 $aeebo-0018 607 $aGreat Britain$xChurch history$y16th century 700 $aChurch of England$01004974 701 $aEdward$cKing of England,$f1537-1553.$01002269 801 0$bCu-RivES 801 1$bCu-RivES 801 2$bCStRLIN 801 2$bWaOLN 906 $aBOOK 912 $a996390445303316 996 $aIniunctions geuen by the moste excellente prince, Edward the. VI$92376428 997 $aUNISA LEADER 01383nas 2200493- 450 001 996320992803316 005 20230129213021.0 011 $a2363-4715 035 $a(DE-599)ZDB2804957-3 035 $a(OCoLC)913714765 035 $a(CKB)4280000000000003 035 $a(CONSER)--2016247521 035 $a(EXLCZ)994280000000000003 100 $a20150624a20149999 o-- a 101 0 $aeng 135 $aur||||||||||| 181 $ctxt$2rdacontent 182 $cc$2rdamedia 183 $acr$2rdacarrier 200 00$aPrimate biology 210 1$aGöttingen :$cCopernicus Publications on behalf of the Deutsches Primatenzentrum GmbH (DPZ),$d[2014]- 215 $a1 online resource 300 $aRefereed/Peer-reviewed 311 $a2363-4707 517 1 $aPB 531 10$aPrimate Biol 606 $aPrimates$vPeriodicals 606 $aPrimatology$vPeriodicals 606 $aPrimates 606 $aPrimates$2fast$3(OCoLC)fst01076374 606 $aPrimatology$2fast$3(OCoLC)fst01921374 608 $aPeriodical. 608 $aPeriodicals.$2fast 610 $aVertebrates 615 0$aPrimates 615 0$aPrimatology 615 12$aPrimates. 615 7$aPrimates. 615 7$aPrimatology. 712 02$aDeutsches Primatenzentrum, 906 $aJOURNAL 912 $a996320992803316 996 $aPrimate biology$92148559 997 $aUNISA